000 01481nam a22003857a 4500
005 20180307123832.0
010 _aBAC-CH25
020 _a9780545227742
_c295.00
020 _a9780545227742
_c325.00 (AV)
035 _aB-552010-042
035 _aG-002998
035 _aB-665293
037 _bUBH/Ven
_adpl
082 _aS
100 _aStilton, Geronimo
245 _aThea Stilton and the Star Castaways /
_cby Geronimo Stilton ; illustrations by Matt Wolf, Mark Nithael (and) Kat Stevens
260 _aNew York
_bScholastic Inc.
_c2013
270 _a557 Boardway
_bNew York
_e10012
300 _a156 p.:
_bcol.ill.
_c20cm(pbk)
500 _a"English translation... by Edizioni Piemme S.p.a."--T.p. verso.
520 _aThe discovery of an old map by his sister Thea leads Geronimo and his family to search for buried treasure on a faraway island.
650 _aMice
_vFiction.
650 _aJournalists
_vFiction.
650 _aBuried treasure
_vFiction.
650 _aIslands
_vFiction.
650 _aAdventure and adventurers
_vFiction.
650 _aHumorous stories.
700 _aWolf, Matt
700 _aNithael, Mark
700 _aStevens, Kat
942 _2ddc
_cCH
_hS
_mSTI
999 _c33286
_d33286